LEADER 01326nam a2200253 i 4500 001 000000228436 003 CaOOAMICUS 005 20140327000000.0 008 140327s2012 it u000 u ita u 013 $a207338 040 $aSeMil$bita 240 00$aallora il mondo sarebbe un giardino.$0(OLS)http://semarc/title/326998 245 10$aAllora il mondo sarebbe un giardino :$bil parco nord Milano accoglie il Pontefice Benedetto 16. e le famiglie del 7. incontro mondiale /$cfotografie di Vincenzo Lombardo ; a cura di Tomaso Colombo. 260 $a[S.l. :$bs.n.],$c2012. 300 $a151 p. :$bill. ;$c21 cm. 500 $aContiene : Vita e canti di Lucia / Giogio Bernardelli. 650 4$aFamiglia - Incontro mondiale <7. ; 2012 ; Milano>.$0(OLS)http://semarc/subject/40213 700 1 $aColombo, Tomaso.$0(OLS)http://semarc/name/79041 700 1 $aLombardo, Vincenzo <1836-1909>.$0(OLS)http://semarc/name/79040 850 $aSeMil 852 $aSeMil$W1$xVenegono$y1$m3A II 300$j178782$B178782$CSeMilBibl$Z2$F189994 $81 961 $aOmaggio: Scola Card. Angelo 996 $6245$aAllora il mondo sarebbe un giardino :$bil parco nord Milano accoglie il Pontefice Benedetto 16. e le famiglie del 7. incontro mondiale$9(OLS)http://semarc/title/326999 996 $6260$a[S.l. :$bs.n.]$9(OLS)http://semarc/publisher/29751 LEADER 00826nam a2200229 i 4500 001 000000099097 003 CaOOAMICUS 005 20170126000000.0 008 170126s1974 xx u000 u und u 013 $a71249 040 $aSeMil$bita 100 1 $aDebenedetti, Giacomo <1901-1967>.$0(OLS)http://semarc/name/8393 245 10$aPoesia italiana del Novecento. 260 $aMilano :$bGarzanti,$c1974. 300 $a248 p. 490 0 $aSaggi 650 4$aPoesia italiana - Sec. 20.$0(OLS)http://semarc/subject/8782 830 0$aSaggi.$0(OLS)http://semarc/title/341 850 $aSeMil 852 $aSeMil$W1$xVenegono$y1$m60 37 5 *$j56730$B56730$CSeMilBibl$Z2$F66608 $81 996 $6245$aPoesia italiana del Novecento$9(OLS)http://semarc/title/10614 996 $6260$aMilano :$bGarzanti$9(OLS)http://semarc/publisher/29852